[Event "Verbandsliga Suedbaden 2122"]
[White "Alber, Jens Markus"]
[Black "Job, Andreas"]
[Site "Baden"]
[Round "1.7"]
[Result "1/2-1/2"]
[Date "2021.10.10"]
[WhiteElo "1701"]
[BlackElo "1774"]
[PlyCount "54"]
[EventDate "2021.10.10"]
[EventType "team-tourn"]
[EventRounds "9"]
[EventCountry "GER"]
[SourceTitle "EXT 2023"]
[Source "ChessBase"]
[SourceDate "2022.10.05"]
[SourceVersion "1"]
[SourceVersionDate "2022.10.05"]
[SourceQuality "1"]
[WhiteTeam "Oberwinden"]
[BlackTeam "Konstanz"]
[WhiteTeamCountry "GER"]
[BlackTeamCountry "GER"]

1. d4 d5 2. Nf3 Bf5 3. b3 e6 4. Bb2 Nf6 5. g3 h6 6. Bg2 Nbd7 7. 0-0 c5 8. e3 b5 9. Nbd2 Ne4 10. c4 dxc4 11. bxc4 Rb8 12. Nxe4 Bxe4 13. dxc5 bxc4 14. Be5 Nxe5 15. Nxe5 Qxd1 16. Rfxd1 Bxg2 17. Kxg2 Bxc5 18. Rac1 Bb6 19. Rxc4 f6 20. Nc6 Ra8 21. Rd6 e5 22. Ra4 0-0 23. Rc4 Rf7 24. Rc2 Rc7 25. Rdd2 Kf8 26. Nb4 Rxc2 27. Rxc2 Rd8 1/2-1/2

[Event "Verbandsliga Suedbaden 1920"]
[White "Spitzer, Martin"]
[Black "Job, Andreas"]
[Site "Baden"]
[Round "4.8"]
[Result "1/2-1/2"]
[Date "2020.01.12"]
[WhiteElo "2203"]
[BlackElo "1744"]
[PlyCount "80"]
[EventDate "2019.09.29"]
[EventType "team-tourn"]
[EventRounds "9"]
[EventCountry "GER"]
[SourceTitle "EXT 2021"]
[Source "ChessBase"]
[SourceDate "2020.10.23"]
[SourceVersion "1"]
[SourceVersionDate "2020.10.23"]
[SourceQuality "1"]
[WhiteTeam "Heitersheim"]
[BlackTeam "Konstanz"]
[WhiteTeamCountry "GER"]
[BlackTeamCountry "GER"]

1. c4 e5 2. Nc3 Bc5 3. e3 Nc6 4. a3 d6 5. b4 Bb6 6. Nd5 Nf6 7. Nxb6 axb6 8. Bb2 Bf5 9. d4 exd4 10. exd4 0-0 11. Bd3 Re8+ 12. Ne2 Bxd3 13. Qxd3 Qe7 14. f3 d5 15. c5 bxc5 16. dxc5 Ne5 17. Bxe5 Qxe5 18. Kf2 c6 19. Nd4 Qf4 20. g3 Ng4+ 21. Kg1 Qe3+ 22. Qxe3 Nxe3 23. Kf2 Nc4 24. Nc2 Ra4 25. Rhe1 Rxe1 26. Rxe1 Kf8 27. Ke2 Ra7 28. Ra1 Nb2 29. f4 Ra8 30. Kd2 Re8 31. Kc3 Nc4 32. a4 Ne3 33. Re1 Nxc2 34. Rxe8+ Kxe8 35. Kxc2 f5 36. Kd3 Kd7 37. Kd4 g6 38. b5 Kc7 39. h3 h5 40. h4 Kc8 1/2-1/2